000 01007cam a2200361 4500
001 a44131
003 DO-SdBPM
005 20250626091628.0
007 a44131
008 090121s2009 sp | |||| 000 f spa
015 _a
017 _a
_b
020 _a9788483651018
035 _a
040 _aDO-SdBPM
_bspa
_cBPMSU
_erda
080 _a
082 4 _a863.6
_bL431m 2009
_222
100 1 _aLázaro Cebrián, Antonio
_d1956-
_eautor
245 1 0 _aMemorias de un hombre de palo /
_cAntonio Lázaro Cebrián
_h
250 _a
260 _a
_b
_c
264 _aMadrid :
_bSuma,
_c2009
300 _a418 páginas .:
_c25 cm
336 _atexto
_btxt
_2rdacontent
337 _asin mediación
_bn
_2rdamedia
338 _avolumen
_bnc
_2rdardacarrier
590 _aInventariado, 2025/VM
650 7 _aNovela histórica española
650 7 _aAventuras
_vNovelas
650 7 _aLiteratua española
_ysiglo XVI
910 _aVMateo V. Control de calidad. BPMSU
942 _2ddc
_cBK
999 _c10462
_d10462